El estado crítico de la cultura / (Record no. 187135)

MARC details
000 -LEADER
campo de control de longitud fija 01140nam a2200277 i 4500
001 - NÚMERO DE CONTROL
campo de control 187135
003 - IDENTIFICADOR DE NÚMERO DE CONTROL
campo de control SpMaBN
005 - FECHA Y HORA DE LA ÚLTIMA TRANSACCIÓN
campo de control 20230906222826.0
008 - DATOS DE LONGITUD FIJA--INFORMACIÓN GENERAL
campo de control de longitud fija 170421s1993 sp |||| | spa d
020 ## - NÚMERO INTERNACIONAL ESTÁNDAR DEL LIBRO
Número Internacional Estándar del Libro 84-87098-16-9
080 ## - NÚMERO DE LA CLASIFICACIÓN DECIMAL UNIVERSAL
Número de la Clasificación Decimal Universal 008(460)"1975/..."
080 ## - NÚMERO DE LA CLASIFICACIÓN DECIMAL UNIVERSAL
Número de la Clasificación Decimal Universal 008:32(460)"1975/..."
245 03 - MENCIÓN DEL TÍTULO
Título El estado crítico de la cultura /
Mención de responsabilidad, etc. coordinador, Vicente Romano ; autores, Pablo Carbajosa, Tomás Alberich, Marian Cao ... [et al.].
260 ## - PUBLICACIÓN, DISTRIBUCIÓN, ETC.
Lugar de publicación, distribución, etc. Madrid :
Nombre del editor, distribuidor, etc. Fundación de Investigaciones Marxistas,
Fecha de publicación, distribución, etc. [1993]
300 ## - DESCRIPCIÓN FÍSICA
Extensión 165 p. ;
Dimensiones 20 cm.
490 1# - MENCIÓN DE SERIE
Mención de serie Comunicacion y cultura ;
Designación de volumen o secuencia 1
594 ## - Nota al título y mención de responsabilidad
Nota al título y mención de responsabilidad Recoge las ponencias de las jornadas que con motivo de la celebración de "Madrid capital europea de la cultura", organizó la FIM entre feb. y marzo de 1992.
651 #7 - PUNTO DE ACCESO ADICIONAL DE MATERIA--NOMBRE GEOGRÁFICO
Nombre geográfico España-
Subdivisión general Civilización-
Subdivisión cronológica S.XX.
9 (RLIN) 8171
651 #7 - PUNTO DE ACCESO ADICIONAL DE MATERIA--NOMBRE GEOGRÁFICO
Nombre geográfico España-
Subdivisión general Política cultural-
Subdivisión cronológica 1982-1996.
9 (RLIN) 8402
700 1# - ENTRADA AGREGADA--NOMBRE PERSONAL
Nombre de persona Romano, Vicente.
9 (RLIN) 99259
700 1# - ENTRADA AGREGADA--NOMBRE PERSONAL
Nombre de persona Carbajosa, Pablo.
9 (RLIN) 34992
710 2# - ENTRADA AGREGADA--NOMBRE DE ENTIDAD CORPORATIVA
Nombre de entidad corporativa o nombre de jurisdicción como elemento de entrada Fundación de Investigaciones Marxistas.
9 (RLIN) 4272
830 0# - PUNTO DE ACCESO ADICIONAL DE SERIE-TÍTULO UNIFORME
Título uniforme Comunicacion y cultura ;
Designación de volumen o secuencia 1
9 (RLIN) 225515
852 ## - LOCALIZACIÓN
Ubicación ES-MaACL
Número de control de estantería L-31458
Holdings
Estatus retirado Estado de pérdida Estado de daño No para préstamo Biblioteca de origen Biblioteca actual Ubicación en estantería Fecha de adquisición Fuente de adquisición Total de préstamos Signatura topográfica completa Código de barras Visto por última vez Precio de reemplazo Tipo de ítem Koha
        Biblioteca del Ateneo de Madrid Biblioteca del Ateneo de Madrid Depósito 2 21/04/2017     L-31458 1197431 23/02/2023 23/02/2023 Libro impreso